00559 2200205 4500001002100000005001500021035002000036007000300056008004100059020001500100082001000115084001600125100001900141245007700160250001100237260003800248300003800286700002000324990000900344INLIS00000000001235220220629101745 a0010-0622000862ta220629 g 0 ind  a9794891134 a636.6 a636.6 ARI b0 aARIEF, budiman1 aBudi daya dan bisnis sarang walet /cDrs. Arief Budiman & Tim Penulis PS aRevisi aJakarta :bPenebar swadaya,c2008 av, 71 hlm :bJ. Sugito ;c20,5 cm0 aTIM, penulis ps a1992